[Event "GER-ch Seniors"]
[Site "?"]
[Date "1996.??.??"]
[Round "7"]
[White "Rosen, Willy"]
[Black "Gudat, Alfons"]
[Result "1-0"]
[WhiteElo "2270"]
[BlackElo "2115"]

1.e4 c5 2.Nf3 Nc6 3.Nc3 e5 4.Bb5 d6 5.Bxc6+ bxc6 6.d3 Nf6 7.O-O Be7 8.Bd2 O-O
9.a3 Qc7 10.Qe2 a5 11.Na4 Nd7 12.b3 f5 13.exf5 Nf6 14.Nb2 Bxf5 15.h3 Nd5
16.Ng5 Bxg5 17.Bxg5 Rae8 18.Nc4 e4 19.Qd2 exd3 20.cxd3 h6 21.Bh4 Re6 22.Rfe1 Rfe8
23.Rxe6 Rxe6 24.Bg3 Qe7 25.Qxa5 Bxd3 26.Qa8+ Kh7 27.Qxc6 Nc3 28.Qf3 Re1+
29.Kh2 Bxc4 30.bxc4 Ne2 31.Qe4+  1-0

[Event "Oberliga Nord N9697"]
[Site "Germany"]
[Date "1996.??.??"]
[Round "?"]
[White "Neukirch, Detlef"]
[Black "Cording, Harm"]
[Result "1-0"]
[WhiteElo "2310"]
[BlackElo "2310"]

1.e4 c5 2.Nc3 Nc6 3.Nge2 d6 4.d4 cxd4 5.Nxd4 e5 6.Nf3 Nf6 7.h3 Be7 8.Be2 O-O
9.O-O h6 10.Re1 Be6 11.Bf1 Rc8 12.Nd5 Bxd5 13.exd5 Nb8 14.c4 Nbd7 15.b4 Re8
16.Be3 a5 17.a3 Qc7 18.Rc1 axb4 19.axb4 Ra8 20.Qb3 b6 21.Ra1 Qb7 22.Nd2 Rec8
23.Ra4 b5 24.Rxa8 Rxa8 25.cxb5 Nxd5 26.Bc4 N7f6 27.Ne4 Nxe3 28.Nxf6+ Bxf6
29.Rxe3 Ra1+ 30.Kh2 Bg5 31.Rf3 Bf6 32.b6 Qxb6 33.Bxf7+ Kf8 34.Qe6 Ra8 35.Bg6 Qc7
36.b5 Qe7 37.Qd5 Rb8 38.Bh7 Qd8 39.Ra3 Qc7 40.Ra6 Rd8 41.Bg6 e4 42.b6 Qe7
43.g3  1-0

[Event "BL2-N9596"]
[Site "Germany"]
[Date "1996.??.??"]
[Round "?"]
[White "Steinert, Marc"]
[Black "Darnstaedt, Frank"]
[Result "0-1"]
[WhiteElo "2215"]
[BlackElo "2300"]

1.e4 c5 2.Nc3 Nc6 3.Nge2 d6 4.g3 g6 5.Bg2 Bg7 6.O-O e6 7.d3 Nge7 8.Bg5 h6
9.Be3 O-O 10.d4 b6 11.Qd2 Kh7 12.Rad1 Ba6 13.Rfe1 Qc7 14.f4 cxd4 15.Nxd4 Rad8
16.Ncb5 Qd7 17.Nc3 Qc7 18.Ndb5 Qb8 19.a4 Na5 20.Qf2 Nc4 21.Bc1 Bb7 22.b3 Na5
23.Ba3 a6 24.Nd4 Qc7 25.Rd3 Nac6 26.Nde2 Rd7 27.Red1 Rfd8 28.Qe1 b5 29.axb5 axb5
30.Bc1 Nb4 31.Rf3 Nxc2 32.Qd2 Nb4 33.g4 d5 34.e5 d4 35.Nxb5 Qc5 36.Nexd4 Bxf3
37.Bxf3 Nbc6 38.Ba3 Rxd4 39.Bxc5 Rxd2 40.Rxd2 Rxd2  0-1

[Event "BL2-W9697"]
[Site "Germany"]
[Date "1996.??.??"]
[Round "?.1"]
[White "Balashov, Yuri S"]
[Black "Hall, Jesper"]
[Result "1-0"]
[WhiteElo "2530"]
[BlackElo "2430"]

1.e4 c5 2.Nc3 Nc6 3.Bb5 g6 4.Bxc6 bxc6 5.d3 Bg7 6.Bd2 d6 7.Nge2 e6 8.O-O Ne7
9.Qc1 Rb8 10.Rb1 h6 11.Na4 f5 12.Bc3 O-O 13.Bxg7 Kxg7 14.c4 g5 15.f4 Ng6
16.exf5 exf5 17.Qd2 Rb7 18.d4 cxd4 19.Qxd4+ Qf6 20.Rbd1 Qxd4+ 21.Rxd4 Re8
22.Rd2 Rbe7 23.Nac3 Re3 24.Rf3 Rxf3 25.gxf3 gxf4 26.Rxd6 Ne5 27.Kf2 Nxc4
28.Rxc6 Nxb2 29.Nxf4 a5 30.Ncd5 Nd1+ 31.Kg3  1-0

[Event "BL2-S9596"]
[Site "Germany"]
[Date "1996.??.??"]
[Round "?"]
[White "Steinbacher, Matthias"]
[Black "Petrosian, Karen"]
[Result "0-1"]
[WhiteElo "2335"]
[BlackElo "2375"]

1.e4 c5 2.Nc3 Nc6 3.Nge2 Nf6 4.g3 d5 5.exd5 Nd4 6.Bg2 Bg4 7.h3 Bf3 8.Bxf3 Nxf3+
9.Kf1 Nxd5 10.Kg2 Nxc3 11.dxc3 Ne5 12.Bf4 Nc6 13.Qxd8+ Rxd8 14.Rad1 e6 15.Rxd8+ Kxd8
16.g4 Be7 17.Ng3 Kc8 18.Rd1 Rd8 19.Rxd8+ Kxd8 20.Ne4 Kd7 21.Be3 b6 22.f4 Bd8
23.Kf3 f5 24.Ng3 g6 25.b3 Bh4 26.a3 c4 27.b4 Bd8 28.b5 Na5 29.Bd4 Be7 30.a4 Nb7
31.Nf1 fxg4+ 32.hxg4 h5 33.Ne3 Na5 34.g5 Ba3 35.Ng2 Ke7 36.Bf6+ Kf7 37.Be5 Nb7
38.Bb8 Bd6 39.Bxa7 Bc7 40.Ke4 Nd6+ 41.Kd4 Nc8 42.Bxb6 Bxb6+ 43.Kxc4 Nd6+
44.Kb4 Nb7 45.c4 Ba5+ 46.Kb3 Nc5+ 47.Ka3 Nd7 48.Kb3 e5 49.c5 exf4 50.Nxf4 Nxc5+
51.Kc4 Nxa4 52.Kd5 Bd2 53.Nh3 Ke7 54.c4 Be3 55.Ke4 Ba7 56.Nf4 Kf7 57.Kd5 Be3
58.Nh3 Nb6+ 59.Ke4 Bc5 60.Ke5 Ke7 61.Ke4 Bd6 62.Kd4 Ke6 63.c5 Be5+ 64.Kd3 Nd7
65.Kc4 Kf5 66.Kd5 Bg3 67.Kc6 Nxc5 68.Kxc5 Kg4 69.Kd5 Kxh3 70.Ke6 Kg4 71.Kf6 Bh4
72.b6 Bxg5+ 73.Kxg6 Bf4  0-1

[Event "BL2-O9596"]
[Site "Germany"]
[Date "1996.??.??"]
[Round "?"]
[White "Becker, Michael"]
[Black "Kuczynski, Robert"]
[Result "0-1"]
[WhiteElo "2310"]
[BlackElo "2495"]

1.e4 c5 2.Nc3 Nc6 3.Nf3 g6 4.d4 cxd4 5.Nxd4 Bg7 6.Be3 Nf6 7.Bc4 O-O 8.Bb3 a5
9.a4 Ng4 10.Nxc6 Nxe3 11.Nxd8 Nxd1 12.Nd5 Rxd8 13.Rxd1 Kf8 14.Nb6 Rb8 15.c3 e6
16.O-O Be5 17.Rd3 Bc7 18.Nxc8 Rbxc8 19.Rfd1 Ke7 20.g3 g5 21.Kg2 Be5 22.Rf1 Rg8
23.f3 h5 24.Kh1 h4 25.f4 Bb8 26.f5 hxg3 27.hxg3 Be5 28.Kg2 Rh8 29.Rfd1 d6
30.Rh1 Rxh1 31.Kxh1 Rc5 32.fxe6 fxe6 33.Kg2 b5 34.Rd2 bxa4 35.Bxa4 Rc4 36.Bc2 a4
37.Re2 a3 38.bxa3 Rxc3 39.a4 Rxg3+ 40.Kf2 Ra3 41.Bd1 Kf6 42.Kg2 Bd4 43.Rd2 Ke5
44.Bc2 Bc5 45.Rd3 Ra2 46.Rd2 Kf4 47.Re2 Ra1 48.Bb3 g4 49.Rc2 Rg1+ 50.Kh2 g3+
51.Kh3 Kf3  0-1

[Event "Landesliga S9596 Bayern"]
[Site "Germany"]
[Date "1996.??.??"]
[Round "?"]
[White "Wild, Rudolf"]
[Black "Kuenzner, Franz"]
[Result "0-1"]
[WhiteElo "2265"]
[BlackElo "2315"]

1.e4 c5 2.Nc3 Nc6 3.Nf3 g6 4.g3 Bg7 5.Bg2 Rb8 6.a4 a6 7.d3 d6 8.O-O b5 9.axb5 axb5
10.Ne2 Nf6 11.h3 O-O 12.Be3 Bb7 13.Qd2 Ra8 14.Bh6 Qb6 15.Bxg7 Kxg7 16.Rxa8 Rxa8
17.Nh4 Ra2 18.Qc1 b4 19.Kh2 Nd4 20.Nxd4 cxd4 21.f4 b3 22.c4 Nd7 23.Nf3 Qc5
24.Rf2 Bc6 25.Re2 e5 26.f5 f6 27.Rf2 Qa5 28.Rf1 Nc5 29.fxg6 hxg6 30.Rd1 Na4
31.Rd2 Rxb2 32.Rxb2 Nxb2 33.Ne1 Qc3 34.Qa1 Nxd3 35.Qa7+ Kf8  0-1

[Event "Hessenliga 9596"]
[Site "Germany"]
[Date "1996.??.??"]
[Round "?"]
[White "Beck, Daniel"]
[Black "Rudolph, Peter"]
[Result "1-0"]
[WhiteElo "2140"]
[BlackElo "2200"]

1.e4 c5 2.Nf3 Nc6 3.Nc3 g6 4.d4 cxd4 5.Nxd4 Bg7 6.Be3 Nf6 7.Bc4 O-O 8.Bb3 d6
9.f3 Qa5 10.Qd2 Nxd4 11.Bxd4 Be6 12.O-O-O Bxb3 13.cxb3 Rfd8 14.Kb1 e6 15.h4 h5
16.Bxf6 Bxf6 17.Nd5 Qxd2 18.Nxf6+ Kg7 19.Nxh5+ gxh5 20.Rxd2 Kf6 21.Rc1 Rd7
22.Rc5 e5 23.Rcd5 Ke6 24.Kc2 Rc8+ 25.Kd1 Rc6 26.Ke2 f5 27.exf5+ Kxf5 28.Ke3 Ke6
29.f4 Rg7 30.fxe5 dxe5 31.Rd8 Rg3+ 32.Kf2 Rg4 33.g3 Kf5 34.Rf8+ Rf6 35.Rxf6+ Kxf6
36.Rd6+ Kf5 37.Rd7 Rd4 38.Rxb7 Rd2+ 39.Ke3 Rxb2 40.Rxa7 Rg2 41.Kf3 Rc2 42.Rf7+ Ke6
43.Rh7 Rxa2 44.Rxh5 Rb2 45.Ke4 Re2+ 46.Kd3 Rf2 47.Rg5 Kd5 48.b4 Rf3+ 49.Ke2 Rb3
50.h5 Kd4 51.h6 e4 52.g4 Rb2+ 53.Kf1 e3 54.h7 Kd3 55.Rd5+  1-0

[Event "NRW-Liga II 9596"]
[Site "Germany"]
[Date "1996.??.??"]
[Round "?"]
[White "Gipslis, Aivars"]
[Black "Odendahl, Reiner"]
[Result "1/2-1/2"]
[WhiteElo "2445"]
[BlackElo "2370"]

1.e4 c5 2.Nf3 Nc6 3.Nc3 g6 4.Bb5 Bg7 5.Bxc6 dxc6 6.h3 Nf6 7.d3 Nd7 8.Be3 e5
9.Qd2 Qe7 10.Bh6 f6 11.Bxg7 Qxg7 12.Qe3 Qe7 13.O-O Nf8 14.Ne2 Ne6 15.c3 O-O
16.Rfe1 Bd7 17.a3 a5 18.Rad1 Rad8 19.d4 cxd4 20.cxd4 exd4 21.Nexd4 Nxd4 22.Rxd4 Be6
23.Qc3 Qc7 24.b4 axb4 25.axb4 Qe7 26.Red1 Kg7 27.Qe3 Rfe8 28.R1d3 Rxd4 29.Rxd4 Rd8
30.e5 Rxd4 31.Qxd4 Bd5 32.exf6+ Qxf6 33.Ne5 g5 34.f3 Kg8 35.Kf2 h5 36.b5 Qg7
37.bxc6 bxc6 38.Nxc6 Bxc6 39.Qc4+ Kh7 40.Qxc6 Qb2+ 41.Ke3 Qxg2 42.Qd7+ Kg6
43.Qe8+ Kh6 44.Qe6+ Kg7  1/2-1/2

[Event "Landesliga N9596 Bayern"]
[Site "Germany"]
[Date "1996.??.??"]
[Round "?"]
[White "Bildt, Thomas"]
[Black "Kreuzer, Gerhard"]
[Result "0-1"]
[WhiteElo "2045"]
[BlackElo "2110"]

1.e4 c5 2.Nf3 Nc6 3.Nc3 Nf6 4.d4 cxd4 5.Nxd4 e5 6.Nxc6 bxc6 7.Bd3 Be7 8.O-O O-O
9.Kh1 d5 10.f4 d4 11.Ne2 exf4 12.Bxf4 Bg4 13.h3 Bh5 14.e5 Nd5 15.g4 Nxf4
16.Rxf4 Bg6 17.Bxg6 hxg6 18.Qxd4 Qa5 19.Nc3 Rad8 20.Qe4 Bg5 21.Rf3 Rde8 22.Re1 Re6
23.Qc4 Rxe5 24.Rxe5 Qxe5 25.Qxc6 Qe1+ 26.Kg2 Be3 27.Rf1 Qd2+ 28.Kf3 Bg5 29.Ne4 Qe3+
30.Kg2 Bh4 31.Rf3 Qe2+ 32.Nf2 Rd8 33.Qe4 Qb5 34.b3 Rd2 35.Qf4 Qd5 36.Kf1 Bxf2
37.c4 Rd1+ 38.Kxf2 Qa5 39.Qxf7+ Kh7 40.Kg2 Qxa2+ 41.Kg3 Rg1+ 42.Kh4 Qd2 43.Qf4 Qe1+
44.Rg3 Rxg3  0-1

[Event "BL2-N9596"]
[Site "Germany"]
[Date "1996.??.??"]
[Round "?"]
[White "Kuehn, Peter"]
[Black "Richter, M."]
[Result "1-0"]
[WhiteElo "2235"]
[BlackElo "2255"]

1.e4 c5 2.Nc3 Nc6 3.Nge2 Nf6 4.d4 cxd4 5.Nxd4 e5 6.Ndb5 d6 7.Bg5 a6 8.Na3 b5
9.Nd5 Be7 10.Bxf6 Bxf6 11.c3 Ne7 12.g3 Bb7 13.Nxe7 Bxe7 14.Bg2 d5 15.exd5 Bxa3
16.bxa3 Rc8 17.O-O O-O 18.a4 Rc5 19.axb5 axb5 20.Qe2 Qd6 21.a4 bxa4 22.c4 Qa6
23.Rfc1 f6 24.Bf1 Bc8 25.Qe3 Qd6 26.Rxa4 Bd7 27.Ra6 Qc7 28.Rca1 Rc8 29.Ra7 Qd8
30.R1a6 Be8 31.Qa3 Bf7 32.Bh3 Rxc4 33.Bxc8 Rxc8 34.Rd6 Qf8 35.Rdd7 Qxa3 36.Rxa3 Bg6
37.h4 Be4 38.Kh2 g5 39.hxg5 fxg5 40.g4 Bf3  1-0

[Event "NRW-Liga II 9596"]
[Site "Germany"]
[Date "1996.??.??"]
[Round "?"]
[White "Gipslis, Aivars"]
[Black "Richter, Wolfgang"]
[Result "1/2-1/2"]
[WhiteElo "2445"]
[BlackElo "2465"]

1.e4 c5 2.Nf3 Nc6 3.Nc3 e6 4.Bb5 Nge7 5.O-O a6 6.Bxc6 Nxc6 7.d4 cxd4 8.Nxd4 d6
9.Re1 Bd7 10.Nxc6 bxc6 11.e5 d5 12.Qg4 h5 13.Qg3 h4 14.Qg4 h3 15.g3 Qc7 16.a3 Rb8
17.b3 c5 18.Ne2 g6 19.Bg5 Bg7 20.Nf4 Bxe5 21.Nxd5 exd5 22.Qf4 O-O 23.Rxe5 f6
24.Re7 Qxf4 25.Bxf4 Rb7 26.Rae1 Rf7 27.Bd6 c4 28.b4 Ba4 29.Rxb7 Rxb7 30.c3 Kf7
31.f3 d4 32.cxd4 Rd7 33.Bc5 c3 34.Kf2 c2 35.g4 Rd8 36.Re7+ Kg8 37.Re1 Kf7
38.Re7+ Kg8 39.Re1  1/2-1/2

[Event "BL2-N9596"]
[Site "Germany"]
[Date "1996.??.??"]
[Round "?"]
[White "Stanke, Juergen"]
[Black "Mach, Holger"]
[Result "1/2-1/2"]
[WhiteElo "2295"]
[BlackElo "2295"]

1.e4 c5 2.Nc3 Nc6 3.Nf3 e5 4.Bc4 d6 5.d3 Be7 6.h3 Nf6 7.O-O O-O 8.Nh2 Na5
9.a3 Nxc4 10.dxc4 Be6 11.Qe2 Ne8 12.Ng4 a6 13.Ne3 Rb8 14.a4 g6 15.Ned5 Bg5
16.f4 exf4 17.Bxf4 Ng7 18.Qe3 Bxf4 19.Qxf4 f5 20.Rad1 Nh5 21.Qh6 Rf7 22.Nf4 Nxf4
23.Rxf4 Qe7 24.exf5 Bxf5 25.Rf2 Rbf8 26.Qd2 Qh4 27.Rf4 Qg3 28.Rf3 Qe5 29.Qxd6 Qxd6
30.Rxd6 Bxc2 31.Rxf7 Rxf7 32.Rd5 Rf5 33.Rd7 Rf7 34.Rd5 Rf5  1/2-1/2

[Event "BL2-O9596"]
[Site "Germany"]
[Date "1996.??.??"]
[Round "?"]
[White "Becker, Michael"]
[Black "Womacka, Mathias"]
[Result "1-0"]
[WhiteElo "2310"]
[BlackElo "2475"]

1.e4 c5 2.Nc3 Nc6 3.Nf3 e5 4.Bc4 Be7 5.d3 Nf6 6.Nd2 d6 7.Nf1 Bg4 8.f3 Be6
9.Ne3 O-O 10.O-O a6 11.a3 b5 12.Ba2 Bxa2 13.Rxa2 Qd7 14.Ncd5 Bd8 15.f4 exf4
16.Rxf4 Nxd5 17.Nxd5 Ne7 18.Qh5 Nxd5 19.Qxd5 Bf6 20.Rxf6 gxf6 21.Bh6 Rfe8
22.Ra1 Qe6 23.Qh5 Kh8 24.Rf1 Rg8 25.Rf5 d5 26.Rxd5 c4 27.Qf3 cxd3 28.cxd3 Rac8
29.Be3 Rc2 30.g3 Rg6 31.Bd4 Kg7 32.Rf5 Qc6 33.Bc3 Qb6+ 34.d4 Qc6 35.Qd3 Rc1+
36.Kg2 Qc4 37.Qxc4 bxc4 38.d5 Rc2+ 39.Kf3 Kf8 40.h4 Ke7 41.h5 Rg8 42.Bxf6+ Kd7
43.Bc3 Ke8 44.Rf6 Rc1 45.Rxa6 Rg5 46.Bf6 Rxh5 47.Rd6 Rf1+ 48.Kg2 Rxf6 49.Rxf6 Re5
50.Kf3 Re7 51.Rb6 Rc7 52.Kf4 c3 53.bxc3 Rxc3 54.a4 Ra3 55.Ra6  1-0

[Event "NRW-Liga I 9596"]
[Site "Germany"]
[Date "1996.??.??"]
[Round "?"]
[White "Brenke, Andreas"]
[Black "Wilde, Pierre"]
[Result "1/2-1/2"]
[WhiteElo "2280"]
[BlackElo "2290"]

1.e4 c5 2.Nc3 Nc6 3.Nf3 e6 4.Bb5 Nge7 5.O-O a6 6.Bxc6 Nxc6 7.d4 cxd4 8.Nxd4 Be7
9.Nxc6 bxc6 10.Qg4 O-O 11.Bh6 Bf6 12.Qg3 Kh8 13.Bf4 d5 14.Bc7 Qe8 15.Rfe1 Bb7
16.Na4 Be7 17.Rad1 Rc8 18.Nb6 Bh4 19.Qd6 Be7 20.Qg3  1/2-1/2

[Event "Gistrup"]
[Site "Gistrup"]
[Date "1996.??.??"]
[Round "7"]
[White "Kovalev, Andrei"]
[Black "Schandorff, Lars"]
[Result "1/2-1/2"]
[WhiteElo "2450"]
[BlackElo "2495"]

1.e4 c5 2.Nf3 Nc6 3.Nc3 e5 4.Bc4 Be7 5.d3 d6 6.Nd5 Nf6 7.Nxe7 Qxe7 8.c3 O-O
9.Bb3 Be6 10.Bc2 h6 11.O-O d5 12.exd5 Nxd5 13.Re1 Bg4 14.d4 cxd4 15.Qd3 f5
16.Nxd4 Nxd4 17.cxd4 e4 18.Qg3 Qf6 19.Bb3 Rad8 20.Bf4 Kh7 21.Be5 Qg5 22.h3 Bh5
23.Qxg5 hxg5 24.g4 fxg4 25.hxg4 Bxg4 26.Rxe4 Bf3 27.Bxd5 Rxd5 28.Re3 g4 29.Rc1 Rd7
30.Kf1 Kg6 31.Ke1 a6 32.Rb3 Re8 33.Re3 Rf8 34.b3 Bd5 35.Rc5 Bf3 36.Rc4 Bd5
37.Rc2 Bc6 38.a4 Bd5 39.b4 Bf3 40.Rc5 Bd5 41.Rec3 Bf3 42.b5 axb5 43.axb5 Re8
44.Kd2 Kf7 45.Rc7 Rxc7 46.Rxc7+ Re7 47.b6 Ke6 48.Bxg7 Rxc7 49.bxc7 Kd7 50.Be5 Kc8
51.Kc3 Bc6 52.Kc4 Bd7 53.Kc5 b5 54.d5 Be8  1/2-1/2

[Event "Glorney Cup"]
[Site "Glenalmond"]
[Date "1996.??.??"]
[Round "2"]
[White "Cobb, Charles"]
[Black "Marzolo, Cyril"]
[Result "0-1"]
[WhiteElo "2260"]
[BlackElo "2200"]

1.Nc3 c5 2.e4 Nc6 3.Nge2 g6 4.d4 cxd4 5.Nxd4 Bg7 6.Be3 Nf6 7.Be2 O-O 8.Nb3 d6
9.g4 Be6 10.f4 Na5 11.g5 Nd7 12.Bd4 f6 13.Bg4 Bxg4 14.Qxg4 f5 15.Qd1 Nxb3
16.axb3 e5 17.Bf2 exf4 18.Qd5+ Kh8 19.Qxd6 fxe4 20.Nxe4 Re8 21.O-O-O Rxe4
22.Qxd7 Qa5 23.Kb1 Qxg5 24.Qxb7 Rae8 25.Rd7 Qf6 26.c3 Qf5 27.Ka1 Re2 28.Qxa7 R2e5
29.Bb6 Qe4 30.Rhd1 Ra8 31.Rd8+ Re8 32.Qxa8 Qxa8+ 33.Rxa8 Rxa8+ 34.Kb1 h5
35.Bd8 f3 36.Bh4 Rf8 37.Rf1 Kh7 38.Bg5 Rf5 39.h4 Be5 40.b4 Bg3 41.Be3 Bxh4
42.c4 Re5 43.Rxf3 g5 44.b5 g4 45.Rf7+ Kg6 46.Rf8 Rxe3 47.b6 Rb3 48.c5 Bf6
49.Ka2 Rxb2+ 50.Ka3 Rb5 51.Ka4 Rxc5 52.b7 Be5 53.Rg8+ Kf5 54.Re8 Bg3 55.Re3 Bf4
56.Re8 Rc6  0-1

[Event "Goch op"]
[Site "Goch"]
[Date "1996.??.??"]
[Round "7"]
[White "Thielen, Dankward"]
[Black "Henrichs, Thomas"]
[Result "1/2-1/2"]
[WhiteElo "2135"]
[BlackElo "2370"]

1.e4 c5 2.Nc3 Nc6 3.Nge2 d6 4.d4 cxd4 5.Nxd4 Nf6 6.Bc4 e6 7.O-O Be7 8.Be3 a6
9.Bb3 O-O 10.f4 Nxd4 11.Bxd4 b5 12.e5 dxe5 13.fxe5 Nd7 14.Ne4 Bb7 15.Nd6 Bxd6
16.exd6 Qg5 17.Qe2 Qg6 18.Rad1 Kh8 19.Rd3 e5 20.Bc3 f5 21.Rg3 Qxd6 22.Rd1 Qc5+
23.Kh1 Nf6 24.Bxe5 Rae8 25.Bxf6 gxf6 26.Qd2 Qe5 27.Rd3 Be4 28.Rd7 f4 29.Rf1 Qxb2
30.Qxf4 Qe5 31.Qxe5 fxe5 32.Rxf8+ Rxf8 33.Kg1 a5 34.a4 bxa4 35.Bxa4 Rf4 36.Re7 Bg6
37.Bb3 a4 38.Bd5 Bxc2 39.Rxe5 Kg7 40.Re7+ Kf6 41.Ra7 Ke5 42.Bc6 Kd6 43.Bf3 Bg6
44.Kf2 Rh4 45.h3 Ke5 46.g4 Rxh3  1/2-1/2

[Event "Goetzis-B"]
[Site "Goetzis"]
[Date "1996.??.??"]
[Round "1"]
[White "Ciolac, Gheorghe"]
[Black "Feher, Gyula"]
[Result "1/2-1/2"]
[WhiteElo "2405"]
[BlackElo "2375"]

1.e4 c5 2.Ne2 Nc6 3.Nbc3 d6 4.d4 cxd4 5.Nxd4 Nf6 6.g3 e6 7.Bg2 Bd7 8.O-O Be7
9.a4 O-O 10.Ndb5 Qb8 11.Be3 Ne5 12.Qe2 Rc8 13.Na3 Bc6 14.h3 b6 15.f4 Ned7
16.Bf2 a6 17.Rfe1 Qc7 18.b3 Bf8 19.Nc4 Bb7 20.Red1 Re8 21.e5 Bxg2 22.Kxg2 dxe5
23.fxe5 Bb4 24.Na2 Nd5 25.Nxb4 Nxb4 26.Kh2 Nd5 27.Nd6 Rf8 28.Rd4 f6 29.Rc4 Qb8
30.Qg4 f5 31.Qe2 Rd8 32.Bd4 b5 33.axb5 axb5 34.Rxa8 Qxa8 35.Nxb5 Qa6 36.Ra4 Qc6
37.c4 N5b6 38.Ra7 Nc8 39.Rc7 Qa6 40.Qg2 Nf8 41.h4 Qa5 42.Bc3 Qb6 43.Qg1 Qa6
44.Kh3 Qa2 45.Nd6 Qxb3 46.Qe3 Qd1 47.Qe1 Qg4+ 48.Kh2 Nb6 49.Rb7 Nbd7 50.Rb2 Ng6
51.Rd2 Qf3 52.Nb5 Ngf8 53.Qe2 Qa8 54.Qg2 Qb8 55.Ba5 Rc8 56.Nd6 Rc5 57.Rb2 Qa7
58.Bc3 Qa4 59.Qe2 Rc7 60.Bd4 Rc6 61.Ra2 Qb4 62.Rb2 Qa3 63.Ra2 Qb4 64.Rb2 Qa4
65.Ra2  1/2-1/2

[Event "Goetzis-B"]
[Site "Goetzis"]
[Date "1996.??.??"]
[Round "7"]
[White "Hardicsay, Peter"]
[Black "Grigore, George"]
[Result "1/2-1/2"]
[WhiteElo "2395"]
[BlackElo "2460"]

1.e4 c5 2.Nf3 Nc6 3.Nc3 e5 4.Bc4 Be7 5.d3 Nf6 6.O-O O-O 7.a3 d6 8.h3 h6 9.Nd5 Nxd5
10.Bxd5 Be6 11.c4 Bxd5 12.cxd5 Nd4 13.Nxd4 cxd4  1/2-1/2

[Event "SLO-ch"]
[Site "Grize"]
[Date "1996.??.??"]
[Round "?"]
[White "Grosar, Aljosa"]
[Black "Jelen, Igor"]
[Result "1/2-1/2"]
[WhiteElo "2485"]
[BlackElo "2415"]

1.e4 c5 2.Nf3 Nc6 3.Nc3 e5 4.Bc4 Be7 5.d3 d6 6.Nd2 Nf6 7.Nf1 Bg4 8.f3 Be6
9.Ne3 O-O 10.O-O Rb8 11.a4 Nb4 12.Qe2 Re8 13.g3 d5 14.exd5 Nbxd5 15.Nexd5 Nxd5
16.Bd2 Nxc3 17.Bxc3 Bd6 18.Rae1 Rc8 19.Qe4 Rc7 20.Bxe6 Rxe6 21.Qd5 Rce7 22.Re2 Qc7
23.Rfe1 h6 24.Kg2 Re8 25.b3 Qe7 26.Re4 Qc7 27.f4 exf4 28.Rxe6 Rxe6 29.Rxe6 fxe6
30.Qxe6+ Kh7 31.Qf5+ Kg8 32.Qg6 fxg3 33.hxg3 Qc6+ 34.Kg1 Bf8 35.Qf5 Qe8 36.Be5 Qf7
37.Qe4 Qe6 38.Kf2 Be7 39.Kf3 Qf7+ 40.Kg2 Qe6 41.Kf3  1/2-1/2

[Event "Koop Tjuchem op"]
[Site "Groningen"]
[Date "1996.??.??"]
[Round "4"]
[White "Kupreichik, Viktor D"]
[Black "Tella, Jussi"]
[Result "1-0"]
[WhiteElo "2510"]
[BlackElo "2330"]

1.e4 c5 2.Nc3 Nc6 3.Nf3 d6 4.d4 cxd4 5.Nxd4 Nf6 6.f4 e6 7.Be3 a6 8.Qf3 Qc7
9.O-O-O Be7 10.Rg1 Nxd4 11.Bxd4 b5 12.g4 b4 13.Ne2 Bb7 14.Ng3 d5 15.e5 Ne4
16.Bd3 Qc6 17.Rge1 Rc8 18.Nxe4 dxe4 19.Qxe4 Qc7 20.Qe3 Qa5 21.Kb1 Bd5 22.b3 Bc5
23.f5 Bxd4 24.Qxd4 Qc5 25.Qf4 a5 26.Qg5 a4 27.Qxg7 Rf8 28.Qg5 axb3 29.cxb3 Ra8
30.Qd2  1-0

[Event "Koop Tjuchem op"]
[Site "Groningen"]
[Date "1996.??.??"]
[Round "10"]
[White "Degraeve, Jean Marc"]
[Black "Lobzhanidze, Davit"]
[Result "1-0"]
[WhiteElo "2515"]
[BlackElo "2330"]

1.e4 c5 2.Nc3 Nc6 3.Nge2 g6 4.d4 cxd4 5.Nxd4 Bg7 6.Be3 d6 7.Qd2 Nf6 8.f3 O-O
9.g4 Be6 10.O-O-O Ne5 11.h4 Qa5 12.a3 Rac8 13.h5 Rxc3 14.Qxc3 Qxc3 15.bxc3 Rc8
16.hxg6 hxg6 17.Nxe6 fxe6 18.Be2 a6 19.Bd4 Nf7 20.Kd2 d5 21.g5 Nh5 22.Bxg7 Kxg7
23.Rh4 e5 24.exd5 Nf4 25.c4 Nxg5 26.Rb1 Rc7 27.Rb6 Nf7 28.Bd3 Nd6 29.Rg4 Kf7
30.Kc1 Rc5 31.Rg5 Nxc4 32.Bxc4 Rxc4 33.Kb2 Nxd5 34.Rxb7 Kf6 35.Rg4 Nf4 36.Rb6+ e6
37.Rxa6 Kf5 38.Ra8 Kf6 39.a4 Rb4+ 40.Ka3 Rb1 41.a5 Ke7 42.a6 Nd5 43.Rxg6 Kd6
44.Rg7 Nb6 45.Rd8+ Kc6 46.a7 Ra1+ 47.Kb2 Ra5 48.Re7 Kc5 49.Rc7+ Kb5 50.Rb7  1-0

[Event "GER-ch U20"]
[Site "Halle"]
[Date "1996.??.??"]
[Round "4"]
[White "Naumann, Alexander"]
[Black "Bunzmann, Dimitrij"]
[Result "1/2-1/2"]
[WhiteElo "2365"]
[BlackElo "2275"]

1.Nc3 c5 2.Nf3 Nc6 3.e4 Nf6 4.e5 Ng4 5.Qe2 Qc7 6.Nb5 Qa5 7.h3 Nh6 8.g4 a6
9.Nc3 Nd4 10.Qe4 Nxf3+ 11.Qxf3 Qc7 12.Qg3 e6 13.Ne4 b6 14.d3 Bb7 15.Bg2 Bxe4
16.Bxe4 Rc8 17.Bf4 Ng8 18.h4 Rd8 19.Qf3 d5 20.exd6 Bxd6 21.Bc6+ Kf8 22.Bg5 Ne7
23.Be4 Be5 24.O-O-O a5 25.Bd2 a4 26.c3 b5 27.Kb1 a3 28.b3 b4 29.c4 Qd6 30.Be3 Bd4
31.Bf4 Be5 32.Be3 Bd4 33.Bf4 Be5  1/2-1/2

[Event "Helsinki-ch "]
[Site "Helsinki"]
[Date "1996.??.??"]
[Round "?"]
[White "Hartikainen, Markku"]
[Black "Agopov, Mikael"]
[Result "1/2-1/2"]
[WhiteElo "2290"]
[BlackElo "2230"]

1.e4 c5 2.Nf3 Nc6 3.Nc3 g6 4.d4 cxd4 5.Nxd4 Bg7 6.Be3 Nf6 7.Bc4 O-O 8.Bb3 d6
9.f3 Bd7 10.Qd2 Rc8 11.O-O-O Ne5 12.h4 Nc4 13.Bxc4 Rxc4 14.h5 Nxh5 15.Nde2 Qa5
16.g4 Ng3 17.Nxg3 Bxc3 18.bxc3 Qa3+ 19.Kb1 Be6 20.Qh2 Rb4+ 21.cxb4 Bxa2+
22.Ka1 Bb3+ 23.Kb1 Ba2+ 24.Ka1 Bb3+  1/2-1/2

[Event "Helsinki We op"]
[Site "Helsinki"]
[Date "1996.??.??"]
[Round "1"]
[White "Hartikainen, Markku"]
[Black "Kochyev, Alexander"]
[Result "1/2-1/2"]
[WhiteElo "2290"]
[BlackElo "2430"]

1.e4 c5 2.Nf3 Nc6 3.Nc3 g6 4.d4 cxd4 5.Nxd4 Bg7 6.Be3 Nf6 7.Bc4 O-O 8.Bb3 a5
9.f3 d5 10.Bxd5 Nxd5 11.Nxd5 f5 12.Nxc6 bxc6 13.Nb6 Rb8 14.Qxd8 Rxd8 15.Rd1 Rxd1+
16.Kxd1 fxe4 17.Nxc8 Rxc8 18.fxe4 Bxb2 19.Ke2 Be5 20.Bc5 Rb8 21.Bxe7 Rb2
22.Kd3 Kf7 23.Bc5 Rxa2 24.Rb1 Rb2 25.Rf1+ Ke6 26.Rf8 Rb8 27.Rf1 a4 28.Kc4 Rb2
29.Kd3 Rb5 30.Kc4 Bxh2 31.Rh1 Bd6 32.Bxd6 Kxd6 33.Rxh7 Rc5+ 34.Kd3 Ra5 35.Kc3 a3
36.Rh1 Ke5 37.Kb4 Ra6 38.Ra1 a2 39.Kb3 Kxe4 40.Rxa2 Rxa2 41.Kxa2 Kf4 42.Kb3 Kg3
43.Kc4 Kxg2 44.Kc5 g5 45.Kxc6 g4 46.c4 g3 47.c5 Kf3 48.Kb7 g2 49.c6 g1=Q
50.c7 Qb1+ 51.Ka7 Qf5 52.Kb7 Qb5+ 53.Ka7 Qc6 54.Kb8 Qb6+ 55.Ka8  1/2-1/2

[Event "Helsinki We Ilves op"]
[Site "Helsinki"]
[Date "1996.??.??"]
[Round "4"]
[White "Seeman, Tarvo"]
[Black "Rytshagov, Mikhail"]
[Result "1-0"]
[WhiteElo "2320"]
[BlackElo "2495"]

1.e4 c5 2.Nc3 Nc6 3.Nge2 Nf6 4.d4 cxd4 5.Nxd4 d6 6.f3 e5 7.Nb3 Be7 8.Be3 Be6
9.Nd5 Bxd5 10.exd5 Nb4 11.c4 a5 12.Qd2 b6 13.Be2 O-O 14.O-O Na6 15.Rae1 Nd7
16.Bd3 Nac5 17.Bc2 Bh4 18.g3 Bf6 19.Nc1 g6 20.Ne2 Bg7 21.Nc3 f5 22.Kg2 f4
23.Bf2 Bh6 24.g4 Bg5 25.Nb5 Nb7 26.Re2 Bh4 27.Bg1 Ra6 28.Kh1 Nf6 29.b3 Qd7
30.a3 Rc8 31.Rg2 Qd8 32.Bd3 Nd7 33.Qc2 Kg7 34.g5 Nf8 35.Rg4 Bxg5 36.Bf2 Bf6
37.h4 Kh8 38.Rfg1 Nc5 39.Bf5 Rb8 40.h5 g5 41.h6 Qe7 42.Bh4 Ng6 43.Bxg5 Rg8
44.Bxg6 hxg6 45.Bxf6+ Qxf6 46.Rxg6 Qh4+ 47.Qh2 Qxh2+ 48.Kxh2 Rxg6 49.Rxg6 Nxb3
50.Rg7  1-0

[Event "ROM-chT"]
[Site "Herculane"]
[Date "1996.??.??"]
[Round "?"]
[White "Popescu, Daniel Dorin"]
[Black "Kocsis, Levente"]
[Result "1/2-1/2"]
[WhiteElo "2370"]
[BlackElo "2340"]

1.e4 c5 2.Nc3 Nc6 3.Nf3 e5 4.Bc4 Be7 5.d3 d6 6.Nd2 Bg5 7.h4 Bh6 8.Qh5 g6
9.Qd1 Nd4 10.Nf1 Bxc1 11.Qxc1 h5 12.a4 Nf6 13.Ne3 O-O 14.Ncd5 Kg7 15.c3 Nc6
16.g3 Nxd5  1/2-1/2

[Event "ROM-chT"]
[Site "Herculane"]
[Date "1996.??.??"]
[Round "?"]
[White "Vasiesiu, Cristina"]
[Black "Peptan, Corina"]
[Result "0-1"]
[WhiteElo "2165"]
[BlackElo "2395"]

1.e4 c5 2.Nc3 Nc6 3.Nge2 d6 4.d4 cxd4 5.Nxd4 Nf6 6.Bg5 e6 7.Qd2 a6 8.O-O-O h6
9.Be3 Nxd4 10.Bxd4 b5 11.Qe3 Bd7 12.f4 b4 13.Ne2 Qa5 14.Bxf6 gxf6 15.Kb1 Qc5
16.Qf3 Rc8 17.Rd2 h5 18.g3 Bc6 19.Nd4 Bb7 20.Bg2 Be7 21.f5 e5 22.Ne2 Qb6
23.Rhd1 a5 24.Qb3 Qc5 25.c3 Qe3 26.Qc2 Rc4 27.Ka1 Kf8 28.Qa4 Qb6 29.Qb3 Qc7
30.cxb4 axb4 31.Qd3 h4 32.Kb1 hxg3 33.hxg3 Kg7 34.Rc1 Rxc1+ 35.Nxc1 Qb6 36.Rc2 Ra8
37.Bf3 Bd8 38.Rh2 Kf8 39.Rh8+ Ke7 40.Qb3 Bc7 41.Rxa8 Bxa8 42.a3 bxa3 43.Qxa3 Bc6
44.Ne2 Qb5 45.Nc3 Qf1+ 46.Kc2 Bb6 47.Nd5+ Bxd5 48.exd5 e4 49.Bd1 Qc4+ 50.Qc3 Qxd5
51.g4 Qb5 52.b3 d5 53.Kb2 d4 54.Qe1 Qe5 55.b4 d3+ 56.Qc3 Bd4  0-1

[Event "Hlohovec op"]
[Site "Hlohovec"]
[Date "1996.??.??"]
[Round "8"]
[White "Biolek, Richard"]
[Black "Helbich, Jan"]
[Result "1/2-1/2"]
[WhiteElo "2395"]
[BlackElo "2145"]

1.e4 c5 2.Nc3 Nc6 3.Nge2 d6 4.d4 cxd4 5.Nxd4 Nf6 6.Bc4 e6 7.Be3 Be7 8.Qe2 O-O
9.Bb3 Na5 10.O-O-O Nxb3+ 11.axb3 Bd7 12.g4 Qa5 13.Kb1 Rfc8 14.g5 Ne8 15.h4 b5
16.Rdg1 Rab8 17.g6 Nf6 18.gxf7+ Kxf7 19.f3 Rb6 20.Nd1 Ra6 21.c3 b4 22.Bd2 e5
23.Nf5 Bxf5 24.exf5 Qa2+ 25.Kc2 Ra3 26.Kd3 Rxb3 27.Ke3 bxc3 28.bxc3 Nd5+
29.Kf2 Nf4 30.Bxf4 Qxe2+ 31.Kxe2 exf4 32.Rg4 Bf6 33.Rxf4 Bxc3 34.Ra4 Rc7
35.Nxc3 Rbxc3 36.Rha1 Kf6 37.Rxa7 Kxf5 38.Kf2 d5 39.R1a6 Ke5 40.Kg3 Kd4 41.Kf4 Kd3
42.Ra3 Rc4+ 43.Ke5 d4 44.Ra1 Ke3 45.Rxg7 h5 46.Re1+ Kf2 47.Rgg1 Re3+ 48.Kd5 Ra4
49.Ref1+ Ke2 50.Re1+  1/2-1/2